000 00983nam a22002537a 4500
999 _c63994
_d63994
005 20240530110709.0
008 180128s2015 ua g 000 0 ara d
017 _a2014/11974
_bمصر. دار الكتب
020 _a9789777610223
040 _aEG-CaGPL
_cEG-CaGPL
082 0 4 _221
_a341.65 /
_bم ح
100 0 _aمحمد محمود منطاوى
245 1 2 _aالحماية الجنائية الدولية للمحتجزين من الامتهان والتعذيب /
_cمحمد محمود منطاوى
250 _aط. 1
260 _aالقاهرة :
_bالمركز القومى للاصدارات القانونية،
_c2015.
300 _a160 ص. ؛
_c24 سم.
650 0 7 _2qrmak
_aالجريمة والمجرمون
_xالتحقيق
650 0 7 _2qrmak
_aالعقوبات
650 0 7 _2qrmak
_aالمسجونون
_xحقوق
650 0 7 _2qrmak
_aالقانون الجنائى
651 _2qrmak
942 _2ddc
_cBK